Every Gen Z Slang Phrase - Statistics

General Stats
  • This quiz has been taken 29 times
  • The average score is 4 of 82
Answer Stats
Slang % Correct
Fam
46%
Cap
31%
L
31%
Slay
31%
Aura
23%
Bussin'
23%
Sigma
23%
Skibidi
23%
G.O.A.T
15%
Simp
15%
Sus
15%
Fire
12%
Mid
12%
Ate
8%
Brainrot
8%
Bruh
8%
Cheugy
8%
Drip
8%
Bop
4%
BTW
4%
Dank
4%
For Real
4%
Glow Up
4%
High-Key
4%
Low-Key
4%
NGL
4%
Salty
4%
Slaps
4%
Stan
4%
Yeet
4%
Af
0%
Aight Bet
0%
Bet Your Bottom Dollar
0%
Bffr
0%
Big Yikes
0%
Boujee
0%
Brat
0%
Camp
0%
Cancel Culture
0%
Cancelled
0%
Catch These Hands
0%
CEO
0%
Clapback
0%
Drag
0%
Dub
0%
E-Boy
0%
E-Girl
0%
Extra
0%
Finna
0%
Finnese
0%
Ghosting
0%
Guap
0%
Hella
0%
Hits Different
0%
Hype
0%
If You Know You Know
0%
IIRC
0%
I'm Weak
0%
Karen
0%
Let Him COOK
0%
LFG
0%
Living Rent-Free
0%
Main Character
0%
NPC
0%
Periodt
0%
Pluh
0%
Sending Me
0%
Sheesh
0%
Sip Tea
0%
Sis
0%
Smh
0%
Smol
0%
Snack
0%
Snatched
0%
Take Several Seats
0%
Tf
0%
TFW
0%
This Ain't It, Chief
0%
Touch Grass
0%
Vibe Check
0%
What's Poppin
0%
Woke
0%
No matching quizzes found
Score Distribution
Percent of People with Each Score
Percentile by Number Answered
Your Score History
You have not taken this quiz